| 000 | 00556nam a2200217Ia 4500 | ||
|---|---|---|---|
| 001 | 3078 | ||
| 003 | GE_BSU | ||
| 008 | 181216s||||||||xx |||||||||||||| ||und|| | ||
| 020 | _a5862253874 | ||
| 040 | _cGE_BSU | ||
| 080 | _a330(075.8) | ||
| 245 | _aКурс Эконогмики:Учубник | ||
| 245 | _cПод. ред. Б. А. Райзбурга, | ||
| 260 | _aМосква | ||
| 260 | _bИНФРА-М | ||
| 260 | _c1997 | ||
| 300 | _a720 ст. 24 см. | ||
| 541 | _h19 Л. 75 Т. | ||
| 653 | _aКурс Эконогмики: | ||
| 942 | _cBK | ||
| 999 |
_c37122 _d37122 |
||